| 000 | 00750cab a2200241 4500 | ||
|---|---|---|---|
| 001 | WB3411-61 | ||
| 008 | 090401t1998 xxu||||| |||| 00| 0 eng d | ||
| 035 | _a(Sirsi) u85083 | ||
| 041 | _aeng | ||
| 245 | _aLump sum offered | ||
| 260 | _c1998 | ||
| 350 | _a0 | ||
| 490 |
_aTimes _v19 March 1998, 6(1) |
||
| 520 | _aThe Government is to consult on offering sheep and beef farmers early retirement as part of a restructuring package for the livestock industry. The scheme would be partly funded by the EU. Responses by 20 April 1998. | ||
| 650 | _aBEEF FARMING | ||
| 650 | _aFARMERS | ||
| 650 | _aLIVESTOCK INDUSTRY | ||
| 650 | _aRETIREMENT | ||
| 650 | _aSHEEP FARMING | ||
| 690 | _aRURAL PRACTICE | ||
| 942 | _n0 | ||
| 948 | _c19/03/1998 | ||
| 999 |
_c53497 _d53497 |
||